| 000 | 01693nam a2200469 c 4500 | ||
|---|---|---|---|
| 001 | 14964 | ||
| 003 | ES-MaCES | ||
| 005 | 20150929135727.0 | ||
| 008 | 030521s2003 sp t 000 | spa d | ||
| 017 |
_aM 7050-2003 _bDL |
||
| 020 | _a8430939415 | ||
| 035 | _aCES20030005768m | ||
| 040 |
_aES-MaCES _bspa _cES-MaCES |
||
| 245 | 0 | 0 |
_aEstado de bienestar y Comunidades Autónomas _b: la descentralización de las políticas sociales en España _cRaquel Gallego, Ricard Gomà, Joan Subirats (editores) ; autores, José Adelantado ... [et al.] |
| 260 |
_aMadrid _bTecnos _a[Barcelona] _bUniversitat Pompeu Fabra _c[2003] |
||
| 300 |
_a229 p. _c24 cm |
||
| 490 | 1 |
_aTemas de gestión y administración pública _v6 |
|
| 504 | _aBibliografía | ||
| 541 | _cCompra | ||
| 650 | 4 |
_aEstado-Benefactor _929481 |
|
| 650 | 4 |
_apolítica social _927029 |
|
| 650 | 4 |
_adescentralización _927218 |
|
| 650 | 4 |
_aingreso garantizado _929342 |
|
| 650 | 4 |
_apolítica educativa _927373 |
|
| 650 | 4 |
_apolítica sanitaria _929366 |
|
| 650 | 4 |
_apolítica de vivienda _929419 |
|
| 650 | 4 |
_aEspaña _926964 |
|
| 650 | 4 |
_aComunidades Autónomas _930768 |
|
| 653 | 1 | 0 | _aAsuntos Sociales |
| 650 | 4 |
_928300 _apolítica de empleo |
|
| 650 | 4 |
_926752 _aUE |
|
| 650 | 4 |
_927056 _aservicios sociales |
|
| 700 | 1 |
_aAdelantado, José _95604 |
|
| 700 | 1 |
_aGallego, Raquel _eed. lit. _912623 |
|
| 700 | 1 |
_aGomà, Ricard _eed. lit. _913551 |
|
| 700 | 1 |
_aSubirats, Joan _eed. lit. _924550 |
|
| 710 | 2 |
_aUniversitat Pompeu Fabra _eed. _95409 |
|
| 830 | 0 |
_aTemas de gestión y administración pública _v6 _933848 |
|
| 902 | _aLIB Libro | ||
| 942 |
_2CES _cBK _h3.3. |
||
| 999 |
_c14964 _d14964 |
||